Logo CIB grande

MATHEMATICS APPLIED TO DETERMINISTIC PROBLEMS IN THE NATURAL SCIENCES (Registro nro. 233829)

Detalles MARC
000 -LEADER
campo de control de longitud fija 00580nam a2200217Ia 4500
005 - FECHA Y HORA DE LA ÚLTIMA TRANSACCIÓN
campo de control 20250425162647.0
008 - DATOS DE LONGITUD FIJA--INFORMACIÓN GENERAL
campo de control de longitud fija 250425s9999 xx 000 0 und d
020 ## - NÚMERO INTERNACIONAL ESTÁNDAR DEL LIBRO
Número Internacional Estándar del Libro 0023707208
041 ## - CÓDIGO DE IDIOMA
Código de lengua del texto/banda sonora o título independiente eng
082 ## - NÚMERO DE LA CLASIFICACIÓN DECIMAL DEWEY
Número de clasificación 510.24541
010 ## - NÚMERO DE CONTROL DE LA BIBLIOTECA DEL CONGRESO
Número de control de LC 95012
100 ## - ENTRADA PRINCIPAL--NOMBRE DE PERSONA
Nombre de persona LINWILL, JOHN G.
245 #0 - MENCIÓN DEL TÍTULO
Título MATHEMATICS APPLIED TO DETERMINISTIC PROBLEMS IN THE NATURAL SCIENCES
250 ## - MENCION DE EDICION
Mención de edición S.E
260 ## - PUBLICACIÓN, DISTRIBUCIÓN, ETC.
Lugar de publicación, distribución, etc. Estados Unidos
Nombre del editor, distribuidor, etc. MACMILLAN PUBLISHING CO., INC.
Fecha de publicación, distribución, etc. 1974
260 ## - PUBLICACIÓN, DISTRIBUCIÓN, ETC.
Lugar de publicación, distribución, etc. NEW YORK
300 ## - DESCRIPCIÓN FÍSICA
Extensión 603
650 ## - PUNTO DE ACCESO ADICIONAL DE MATERIA--TÉRMINO DE MATERIA
Término de materia o nombre geográfico como elemento de entrada MATEMATICA LOGICA Y SIMBOLICA
700 ## - ENTRADA AGREGADA--NOMBRE PERSONAL
Nombre de persona SEGEL, L.A.
942 ## - ELEMENTOS DE ENTRADA SECUNDARIOS (KOHA)
Tipo de ítem Koha Libros
Existencias
Estatus retirado Estado de pérdida Estado de daño No para préstamo Biblioteca de origen Biblioteca actual Fecha de adquisición Coste, precio normal de compra Total de préstamos Código de barras Copia número
        CENTRO NACIONAL DE INVESTIGACIONES MARINAS CENTRO NACIONAL DE INVESTIGACIONES MARINAS 23/09/2015 15.00   D-81132 1

Copyright 2025 ESPOL. Todos los derechos reservados.